Development programmes for weaker sections / (Record no. 125950)

MARC details
000 -LEADER
fixed length control field 00676nam a22002297a 4500
005 - DATE AND TIME OF LATEST TRANSACTION
control field 20170124110002.0
010 ## - LIBRARY OF CONGRESS CONTROL NUMBER
LC control number A-386768
020 ## - INTERNATIONAL STANDARD BOOK NUMBER
Terms of availability 00.00
035 ## - SYSTEM CONTROL NUMBER
System control number A-386768
037 ## - SOURCE OF ACQUISITION
Source of stock number/acquisition Cen Lib/Ret
040 ## - CATALOGING SOURCE
Original cataloging agency DPL
Language of cataloging EN
082 ## - DEWEY DECIMAL CLASSIFICATION NUMBER
Classification number 362.5
Item number ABD
100 ## - MAIN ENTRY--PERSONAL NAME
Personal name Abdul Aziz
9 (RLIN) 15746
245 ## - TITLE STATEMENT
Title Development programmes for weaker sections /
Statement of responsibility, etc by Abdul Aziz
260 ## - PUBLICATION, DISTRIBUTION, ETC. (IMPRINT)
Place of publication, distribution, etc Jaipur
Name of publisher, distributor, etc Printwell Publishers Jaipur
Date of publication, distribution, etc 1989
270 ## - ADDRESS
Address S-12, Shopping Complex, Tilak Nagar
City Jaipur
Postal code 302004
300 ## - PHYSICAL DESCRIPTION
Extent x,104p. :
Dimensions 21cm(Hb)
Other physical details ill
500 ## - GENERAL NOTE
General note Includes index
650 ## - SUBJECT ADDED ENTRY--TOPICAL TERM
Topical term or geographic name as entry element India-Karnataka
9 (RLIN) 13790
650 ## - SUBJECT ADDED ENTRY--TOPICAL TERM
Topical term or geographic name as entry element Bidri ware
9 (RLIN) 16077
942 ## - ADDED ENTRY ELEMENTS (KOHA)
Source of classification or shelving scheme Dewey Decimal Classification
Koha item type English Books
Classification part 362.5
Call number suffix ABD
Holdings
Withdrawn status Lost status Damaged status Not for loan Home library Current library Date acquired Source of acquisition Cost, normal purchase price Total Checkouts Full call number Barcode Date last seen Copy number Cost, replacement price Price effective from Koha item type Public note
Written off       Central Library Central Library 24/06/2015 Cen Lib/Ret 0.00   362.5 ABD A-386768 24/06/2015 1 0.00 24/06/2015 English Books Written off on approval by DLB (By Circulation); dtd 15-06-2023

© Delhi Public Library
Hit Counter
free hit counter